Responses for Show #1603 - Wednesday, July 17, 1991

1991 Seniors Tournament semifinal game 3.

Contestants

[<< previous game]

Kay Paul, a nurse from Indian Rocks Beach, Florida

Nancy Pearson, a fashion consultant from Encinitas, California

Bob Olsen, a marketing teacher from Northbrook, Illinois

[next game >>]

Jeopardy! Round responses

TEXAS
HANDICRAFTS
THE PILGRIMS
A.K.A.
VICE PRESIDENTS
"HOT" STUFF
    $100 9
Mexico

Bob
    $100 15
papier-mâché

Kay
    $100 1
the Church of England

Kay
    $100 2
Robinson

Nancy
    $100 13
John Adams

Bob
    $100 16
hotcakes

Bob
    $200 10
olive

Nancy
    $200 26
a loom

Kay
    $200 5
Plymouth

Kay
    $200 3
[Laughter]
(Alex: Didn't that work out great for you?)

Kay

Kay
    $200 14
Gerald Ford

Kay
    $200 17
hot cross buns

Kay
    $300 11
(Nancy: What is the Gila River?)

the Rio Grande

BobNancy
    $300 27
a purl

Bob
    $300 7
Myles Standish

Nancy
    $300 4
Kareem Abdul-Jabbar

Bob
    $1,100 24
(Alex: Following the death of John Fitzgerald Kennedy.)

Lyndon Johnson

Bob
    $300 18
a "Hot Toddy"

Kay
    $400 12
(Kay: What is Dallas?)

Houston

BobKay
    $400 29
macrame

Kay
    $400 22
Holland

Kay
    $400 6
Sam Goldwyn

Bob
    $400 25
(Charles) Fairbanks

Kay
    $400 19
some like it hot

Bob
    $500 21
Texas A&M

Bob
    $500 30
paraffin

Bob
    $500 23
(Nancy: Who is Winthrop?)

(William) Bradford

BobNancy
    $500 8
John Gilbert

Bob
    $500 28
Millard Fillmore

Triple Stumper
    $500 20
Hotspur

Bob

Scores at the first commercial break (after clue 15):

Bob Nancy Kay
$2,100 $300 $400

Scores at the end of the Jeopardy! Round:

Bob Nancy Kay
$6,000 -$200 $2,300

Double Jeopardy! Round responses

WORD ORIGINS
LABOR UNIONS
ASIA
ENGLISH LITERATURE
WEATHER
HISTORIC NAMES
    $200 15
a shamrock

Bob
    $200 20
Solidarity

Bob
    $200 2
fencing

Nancy
    $200 1
Kim

Bob
    $200 23
Russia (Soviet Union)

Bob
    $200 7
(Kay: Who is William of Orange?)
(Alex: William of Orange, [*]. No, we can't accept that?... I'm getting my Bills confused, [*], [**] was from Normandy. He wasn't of the House of Orange.)

William I (**William the Conqueror)

Kay
Triple Stumper
    $400 16
chauffeur

Bob
    $400 21
(Kay: What is a musician?)

Teachers

NancyKay
    $400 9
Pakistan

Bob
    $400 3
(Nancy: Blank.)

James Hilton

Nancy
Triple Stumper
    $400 25
a windsock

Nancy
    $400 8
Alexander

Bob
    $600 18
manners

Bob
    $600 22
the United Farm Workers

Kay
    $600 10
Mongolia

Bob
    $600 4
Robin Hood

Triple Stumper
    $600 26
(Nancy: What is the Humboldt Current?)

the Gulf Stream

NancyKay
    $1,600 13
(Nancy: What is Scotland?)
(Alex: Ohh, sorry.)
(Nancy: [*].)
(Alex: You picked the wrong one; don't you hate it when you do that.)

Ireland

Nancy
    $800 19
recruit

Triple Stumper
    $1,299 29
(Kay: What is the... uh, Garment Worker, Ladies' Garment Work?)
(Alex: I need you to be very specific, Kay; I'll give you one more shot at it.)
[Kay says nothing and the end-of-round signal sounds.]

the International Ladies' Garment Workers Union

Kay
    $800 11
Macau

Bob
    $800 5
(Alex: By Huxley.)

Brave New World

Triple Stumper
    $800 27
(Kay: What are isobars?)

highs & lows

Kay
Triple Stumper
    $800 14
(Kay: Who is Brigham Young?)

Joseph Smith

BobKay
    $1000 24
Dutch

Bob
    $1000 12
Myanmar (Burma)

Nancy
    $1000 6
Virginia Woolf

Nancy
    $1000 28
(Nancy: What is silver nitrate?)
[Nancy laughs]
(Alex: [After pausing to see if Bob or Kay would ring in] It would make seeding a lot more fun, I suppose; you'd get some weird results. [*] are usually...)
(Nancy: I was close.)
[Laughter]
(Alex: You had silver in there; I'm glad you're having a good time.)

silver iodide crystals

Nancy
Triple Stumper
    $1000 17
Lady Hamilton

Nancy

Scores at the end of the Double Jeopardy! Round:

Bob Nancy Kay
$11,800 $200 $1
(lock game)

[wagering suggestions for these scores]

Final Jeopardy! Round responses

MUSICIANS
(Alex: [After the music ends] Usually we tell our contestants to have a good time on our program, and Kay and Nancy, you realized in the Double Jeopardy! Round that you weren't going to be able to win this and you did have a good time and I thank you for that because you made it more enjoyable for me and for our viewers.)
KayWho was Glen Miller?
$0
NancyWho was Glenn Miller?
$200
BobWho was Glen Miller
$200
Glenn Miller

Final scores:

Bob Nancy Kay
$12,000 $400 $1
Finalist 2nd place: $5,000 3rd place: $5,000

Game dynamics:

Coryat scores:

Bob Nancy Kay
$11,000 $1,800 $1,300
27 R
(including 1 DD),
0 W
9 R,
6 W
(including 1 DD)
13 R,
6 W
(including 1 DD)

Combined Coryat: $14,100

[game clues] [game scores] [suggest correction]

Game tape date: 1991-03-26
The J! Archive is created by fans, for fans. Scraping, republication, monetization, and malicious use prohibited; this site may use cookies and collect identifying information. See terms. The Jeopardy! game show and all elements thereof, including but not limited to copyright and trademark thereto, are the property of Jeopardy Productions, Inc. and are protected under law. This website is not affiliated with, sponsored by, or operated by Jeopardy Productions, Inc. Join the discussion at JBoard.tv.